000 00274nam a22001217a 4500
008 170614b xxu||||| |||| 00| 0 eng d
041 _aeng
080 _a324
100 _a19
101 _aSHP
245 _aTHE ELECTION OF ANDREW JACKSON
_cREMINI.R.V
942 _2udc
_cBK
999 _c17309
_d17309